Vyztužené plasty 87 : Sborník XIV. II.díl. 12.-14.5.1987-Karlovy Vary

Gespeichert in:
Bibliographische Detailangaben
Format: Buch
Veröffentlicht: Plzeň : Dům techniky, 1987
Tags: Tag hinzufügen
Keine Tags, Fügen Sie das erste Tag hinzu!

MARC

LEADER 00000nam a22000003a 4500
001 stu19787
005 20150408181438.1
008 ------s1987----cs----------------------d
040 |a STU  |b slo 
041 0
044 |a cs 
080 |a 678.86(081.3) 
245 |a Vyztužené plasty 87 :  |b Sborník XIV. II.díl. 12.-14.5.1987-Karlovy Vary 
260 |a Plzeň :  |b Dům techniky,  |c 1987 
300 |a 159-334 s :  |b Obr.,tab.,grafy,lit 
996 |b C78606  |c C*78606  |l CCXXIVA  |s P  |a 0  |w stu19787_0001